Kraje po 3 piosenkach z Eurowizji - Statystyki

Ogólne statystyki
  • Ten quiz został rozwiązany 42 razy
  • Średni wynik to 18 z 20
Statystyki odpowiedzi
Hint Odpowiedź % Poprawnych
Love song | Legenda | Colour of your life Polska
100%
Raggio di luna | No degree of separation | Due vite Włochy
98%
Rock n' roll kids | That's rich | Doomsday blue Irlandia
95%
Diva | Home | Unicorn Izrael
95%
Let's get happy | Ghost | Always on the run Niemcy
95%
J'aime la vie | Sanomi | Because of you Belgia
93%
Runaway | La forza | (nendest) narkootikumidest ei tea me (küll) midagi Estonia
93%
We are the winners | When we're old | Sentimentai Litwa
93%
Ne ver, ne boisia | A million voices | I won't break Rosja
93%
This is my life | Dance you off | Voices Szwecja
93%
Zero gravity | Technicolour | One Milkali Australia
90%
Molitva | Cipela | Loco loco Serbia
90%
Hey mamma | Sugar | In the middle Mołdawia
85%
Mr nobody | On my way | Disko Słowenia
85%
If love was a crime | Bones | Intention Bułgaria
83%
Katinka | Alles heeft ritme | Burning daylight Holandia
83%
Angel | This is the night | Dance (our own party) Malta
83%
Crisalide | Adrenalina | 11:11 San Marino
80%
Go | Cry baby | Storm Wielka Brytania
80%
Every way that I can | Rimi Rimi Ley | We could be the same Turcja
78%
Nie znaleziono quizów pasujących do podanych kryteriów
Rozkład punktacji
Procent ludzi z każdym wynikiem
Percentyl według liczby udzielonych odpowiedzi
Twoja historia wyników
Nie rozwiązałeś tego quizu